Sociología e historia de la revolución /
Gardado en:
| Autor Principal: | |
|---|---|
| Outros autores: | |
| Formato: | Texto |
| Materias: | |
| Etiquetas: |
Engadir etiqueta
Sen Etiquetas, Sexa o primeiro en etiquetar este rexistro!
|
MARC
| LEADER | 00000 a a2200000 04500 | ||
|---|---|---|---|
| 001 | 47559 | ||
| 003 | |||
| 040 | |||
| 100 | |a Skocpol, Theda | ||
| 245 | |a Sociología e historia de la revolución / |c Theda Skocpol; Jack Goldstone | ||
| 650 | |a HISTORIA | ||
| 650 | |a Macrothesauro de la OCDE/ | ||
| 650 | |a REVOLUCION | ||
| 650 | |a Macrothesauro de la OCDE/ | ||
| 650 | |a MOVIMIENTOS SOCIALES | ||
| 650 | |a Macrothesauro de la OCDE/ | ||
| 650 | |a ELITE | ||
| 650 | |a Macrothesauro de la OCDE/ | ||
| 650 | |a ESTADO | ||
| 650 | |a Macrothesauro de la OCDE/ | ||
| 700 | |a Goldstone, Jack | ||
| 773 | |g número11, (1988), 85 páginas | ||
| 999 | |c 38317 |d 38317 | ||
